Gideon's sport

Saved in:
Bibliographic Details
Main Author: Creasey, John, 1908-1973
Format: Book
Language:English
Published: [London] Hodder and Stoughton [1970]
Subjects:
LEADER 00984nam a2200277 4500
001 c000073492
003 CARM
005 00000000000000.0
008 711024s1970 enk 00011 eng
010 |a 76029303 //r94 
015 |a B70-10140 
019 1 |a 175422  |5 LACONCORD2021 
020 |a 0340107804 
035 |a (OCoLC)199922  |5 LACONCORD2021 
050 0 0 |a PZ3.C86153  |b Ghdp  |a PR6005.R517 
082 0 0 |a 823/.9/12 
100 1 |a Creasey, John,  |d 1908-1973. 
245 1 0 |a Gideon's sport  |c [by] J. J. Marric. 
260 |a [London]  |b Hodder and Stoughton  |c [1970] 
300 |a 192 p.  |c 23 cm. 
650 0 |a Gideon, George (Fictitious character)  |x Fiction. 
650 0 |a Police  |z England  |x Fiction. 
655 7 |a Detective and mystery stories.  |2 gsafd 
852 8 |b CARM  |h A2:AD36A0  |i B02708  |p 0120583  |f BK 
999 f f |i 18466138-8bcb-5a60-ac19-6f1c6bb86c81  |s 72a13626-bae7-50f4-9fe2-42170992340d 
952 f f |p Can circulate  |a CAVAL  |b CAVAL  |c CAVAL  |d CARM 1 Store  |e B02708  |f A2:AD36A0  |h Other scheme  |i book  |m 0120583